Central Library OPAC University of Rajshahi

Fundamentals of college mathematics, (Record no. 7562)

MARC details
000 -LEADER
fixed length control field 00858cam a22002771 4500
001 - CONTROL NUMBER
control field 7562
003 - CONTROL NUMBER IDENTIFIER
rucl marc code BD-RjUL
005 - DATE AND TIME OF LATEST TRANSACTION
control field 20211208234434.0
008 - FIXED-LENGTH DATA ELEMENTS--GENERAL INFORMATION
fixed length control field 150114s1961 nyu 001 0 eng
035 ## - SYSTEM CONTROL NUMBER
System control number (BD-RjUL)7606
System control number (OCoLC)552599
040 ## - CATALOGING SOURCE
Original cataloging agency DLC
Transcribing agency OUrC
Modifying agency OCoLC
-- DLC
-- BD-RjUL
Language of cataloging eng
041 ## - LANGUAGE CODE
Language code of text/sound track or separate title eng
082 ## - DEWEY DECIMAL CLASSIFICATION NUMBER
Edition number 510
Author mark and year BRF
100 1# - MAIN ENTRY--PERSONAL NAME
Personal name Brixey, John C.
Fuller form of name (John Clark),
Dates associated with a name 1904-1989.
9 (RLIN) 23589
245 10 - TITLE STATEMENT
Title Fundamentals of college mathematics,
Statement of responsibility, etc. [by] John C. Brixey [and] Richard V. Andree.
250 ## - EDITION STATEMENT
Edition statement Rev. ed.
260 ## - PUBLICATION, DISTRIBUTION, ETC. (IMPRINT)
Place of publication, distribution, etc. New York :
Name of publisher, distributor, etc. Holt, Rinehart and winstin ,
Date of publication, distribution, etc. c1961.
300 ## - PHYSICAL DESCRIPTION
Pagination 750 p. ;
Size 24 cm.
504 ## - BIBLIOGRAPHY, ETC. NOTE
Bibliography, etc Includes index.
650 #0 - SUBJECT ADDED ENTRY--TOPICAL TERM
Topical term or geographic name as entry element Mathematics.
9 (RLIN) 23590
700 1# - ADDED ENTRY--PERSONAL NAME
Personal name Andree, Richard V.
Fuller form of name (Richard Vernon),
Dates associated with a name 1919-1987,
Relator term joint author.
942 ## - ADDED ENTRY ELEMENTS (KOHA)
Source of classification or shelving scheme Dewey Decimal Classification
Koha item type Books
Holdings
Lost status Source of classification or shelving scheme Damaged status Not for loan Collection code Permanent Location Current Location Shelving location Date acquired Source of acquisition Cost, normal purchase price Total Checkouts Full call number Date last seen Copy number Koha item type
  Dewey Decimal Classification   Not For Loan Non-fiction Central Library, University of Rajshahi Central Library, University of Rajshahi   08/12/1962 Zeitlinger 72.00   510 BRF 1961 15/01/2014 C-1 Books